000
00247nam a22001097a 4500
008
170118b xxu||||| |||| 00| 0 eng d
020
_a
013034522
041
_a
eng
080
_a
618.2
245
_a
CHILD HEALTH NURSING
_c
HOGAN, M.A
942
_2
udc
_c
BK
999
_c
3118
_d
3118